000 00455nam a2200169Ia 4500
008 131103s9999 xx 000 0 und d
040 _aLoreto College
041 _aEnglish
082 _a891.44/TAG
_bLCBED/10474
100 _aTagore, Rabindranath
245 _aJibonsmriti-bodhika
_cRabindranath Tagore
260 _aKolkata
_bHindustan
_c[19?]
300 _a100p.
_c 23cm.
650 _aBengali language
850 _aLCBED/891.44/TAG
942 _cBK
999 _c30690
_d81169